[Event "Skalica Rapid op"]
[Site "Skalica"]
[Date "2020.08.29"]
[Round "5"]
[White "Ondrus, Michal"]
[Black "Tupy, Bystrik"]
[Result "0-1"]
[WhiteElo "1000"]
[BlackElo "1702"]
[PlyCount "42"]
[EventDate "2020.08.29"]
[EventType "swiss (rapid)"]
[EventRounds "7"]
[EventCountry "SVK"]
[SourceTitle "CBM 198 Extra"]
[Source "ChessBase"]
[SourceDate "2020.11.30"]
[SourceVersion "1"]
[SourceVersionDate "2020.11.30"]
[SourceQuality "1"]

1. e4 e5 2. Nf3 Nc6 3. Bb5 Nf6 4. 0-0 Bc5 5. c3 d6 6. d4 exd4 7. cxd4 Bb4 8. d5 a6 9. Ba4 b5 10. Bb3 Ne5 11. Nxe5 dxe5 12. Bg5 0-0 13. h4 h6 14. Qf3 hxg5 15. hxg5 Nh7 16. g6 Ng5 17. Qh5 fxg6 18. Qxg6 Qf6 19. Qh5 Bd6 20. Re1 Qxf2+ 21. Kh2 Nf3+ 0-1

[Event "Skalica Rapid op"]
[Site "Skalica"]
[Date "2020.08.29"]
[Round "1"]
[White "Tupy, Bystrik"]
[Black "Danada, Tomas"]
[Result "0-1"]
[WhiteElo "1702"]
[BlackElo "2122"]
[PlyCount "45"]
[EventDate "2020.08.29"]
[EventType "swiss (rapid)"]
[EventRounds "7"]
[EventCountry "SVK"]
[SourceTitle "CBM 198 Extra"]
[Source "ChessBase"]
[SourceDate "2020.11.30"]
[SourceVersion "1"]
[SourceVersionDate "2020.11.30"]
[SourceQuality "1"]

1. e4 g6 2. d4 Bg7 3. Nf3 d6 4. Nc3 a6 5. Bc4 e6 6. 0-0 b5 7. Bb3 Bb7 8. e5 dxe5 9. Nxe5 Nd7 10. Bf4 Nxe5 11. Bxe5 Bxe5 12. dxe5 Qxd1 13. Raxd1 Ne7 14. f4 Rd8 15. Rxd8+ Kxd8 16. Rd1+ Kc8 17. a4 b4 18. Ne2 Rd8 19. Rxd8+ Kxd8 20. c3 Nc6 21. Kf2 g5 22. g4 gxf4 23. h4 0-1

[Event "SVK-chT3A2 1819"]
[Site "Slovakia"]
[Date "2019.03.24"]
[Round "11.1"]
[White "Tupy, Bystrik"]
[Black "Harasta, Marian"]
[Result "0-1"]
[WhiteElo "1711"]
[BlackElo "1657"]
[PlyCount "174"]
[EventDate "2018.10.07"]
[EventType "team-tourn"]
[EventRounds "11"]
[EventCountry "SVK"]
[SourceTitle "EXT 2020"]
[Source "ChessBase"]
[SourceDate "2019.10.17"]
[SourceVersion "1"]
[SourceVersionDate "2019.10.17"]
[SourceQuality "1"]
[WhiteTeam "Hlohovec"]
[BlackTeam "Skalica II"]
[WhiteTeamCountry "SVK"]
[BlackTeamCountry "SVK"]

1. e4 c5 2. Nf3 Nc6 3. d4 cxd4 4. Nxd4 e5 5. Nxc6 bxc6 6. Nc3 Bb4 7. Bd2 Nf6 8. Bd3 0-0 9. 0-0 d5 10. exd5 cxd5 11. a3 Ba5 12. f3 Qb6+ 13. Kh1 Bxc3 14. bxc3 e4 15. fxe4 dxe4 16. Bc4 e3 17. Be1 Bg4 18. Qc1 Rad8 19. Bh4 e2 20. Re1 Rd1 21. Qf4 Rxa1 22. Rxa1 Qb2 23. Re1 Qxc3 24. h3 Bh5 25. g4 Qxh3+ 26. Qh2 Qxh2+ 27. Kxh2 Bxg4 28. Bxf6 gxf6 29. Rg1 e1Q 30. Rxe1 Rc8 31. Bd3 Bh5 32. Re7 a5 33. Rd7 Bg6 34. Kg3 Bxd3 35. cxd3 Rc3 36. a4 Ra3 37. Rd4 Kg7 38. Kf4 Kg6 39. Ke4 h5 40. Rc4 f5+ 41. Ke3 Kg5 42. Ke2 h4 43. d4 h3 44. Kf2 Ra2+ 45. Kg1 h2+ 46. Kh1 Kg4 47. d5+ f4 48. Rd4 Kg3 49. Rd1 Re2 50. d6 f3 51. d7 f2 52. Rd3+ Kf4 53. Rd4+ Kf5 54. Rd5+ Kg6 55. Rd6+ Kg7 56. Rf6 Rd2 57. Rxf2 Rxd7 58. Rf5 Ra7 59. Kxh2 Kg6 60. Rb5 Ra6 61. Kg3 Kf6 62. Kf4 Kg6 63. Ke4 f6 64. Kf4 Kf7 65. Kf5 Ke7 66. Rb7+ Kf8 67. Kg6 Ke8 68. Kf5 Kd8 69. Rh7 Kc8 70. Ke4 Rb6 71. Kf5 Kb8 72. Rf7 Rb4 73. Rxf6 Rxa4 74. Ke5 Kb7 75. Kd5 Rb4 76. Kc5 Rb1 77. Kc4 a4 78. Rf3 Kb6 79. Rf8 Ka7 80. Rf3 Ka6 81. Ra3 Ka5 82. Kc3 Rb8 83. Ra1 Rc8+ 84. Kb2 Kb4 85. Rc1 a3+ 86. Kb1 a2+ 87. Kxa2 Rxc1 0-1

[Event "SVK-chT4 A22 1819"]
[Site "Slovakia"]
[Date "2019.03.03"]
[Round "10.2"]
[White "Petras, Stefan"]
[Black "Tupy, Bystrik"]
[Result "0-1"]
[WhiteElo "1708"]
[BlackElo "1694"]
[PlyCount "62"]
[EventDate "2018.10.14"]
[EventType "team-tourn"]
[EventRounds "11"]
[EventCountry "SVK"]
[SourceTitle "EXT 2020"]
[Source "ChessBase"]
[SourceDate "2019.10.17"]
[SourceVersion "1"]
[SourceVersionDate "2019.10.17"]
[SourceQuality "1"]

1. e4 e5 2. Nf3 Nc6 3. Bc4 Bc5 4. c3 d6 5. d4 exd4 6. 0-0 dxc3 7. Nxc3 Bg4 8. Re1 Ne5 9. Be2 Bxf3 10. Bxf3 Nxf3+ 11. Qxf3 Qf6 12. Qxf6 Nxf6 13. e5 Ng4 14. exd6+ Kd7 15. Re7+ Kxd6 16. Rxf7 Rae8 17. Bd2 g6 18. Rf4 Nxf2 19. Rxf2 Bxf2+ 20. Kxf2 Rhf8+ 21. Kg1 a6 22. Rd1 Kc6 23. a3 Rf7 24. Rc1 b6 25. Ne4+ Kb7 26. Ng3 Rd8 27. Bc3 Rd5 28. Re1 b5 29. Ne4 Kb6 30. Ng3 a5 31. Rf1 Re7 0-1

[Event "SVK-chT4 A22 1819"]
[Site "Slovakia"]
[Date "2018.12.02"]
[Round "4.5"]
[White "Tupy, Bystrik"]
[Black "Stefik, Miroslav"]
[Result "1-0"]
[WhiteElo "1733"]
[BlackElo "1622"]
[PlyCount "75"]
[EventDate "2018.10.14"]
[EventType "team-tourn"]
[EventRounds "11"]
[EventCountry "SVK"]
[SourceTitle "EXT 2020"]
[Source "ChessBase"]
[SourceDate "2019.10.17"]
[SourceVersion "1"]
[SourceVersionDate "2019.10.17"]
[SourceQuality "1"]

1. e4 e5 2. Nf3 Nc6 3. Bb5 d6 4. 0-0 Bd7 5. Nc3 Nf6 6. d4 a6 7. Ba4 g6 8. dxe5 Nxe5 9. Nxe5 dxe5 10. Bb3 Bg7 11. f4 0-0 12. fxe5 Ng4 13. e6 Bxe6 14. Bxe6 Bd4+ 15. Kh1 Nf2+ 16. Rxf2 Bxf2 17. Bd5 c6 18. Qe2 Bd4 19. Bc4 Qc7 20. Be3 Be5 21. g3 Rae8 22. Bd3 Bg7 23. Bc5 Re5 24. Bxf8 Bxf8 25. Rf1 Kg7 26. Qf3 Qe7 27. Ne2 f5 28. exf5 gxf5 29. Nd4 Kh8 30. Nxf5 Qf7 31. Nd4 Qd5 32. Qxd5 cxd5 33. Rxf8+ Kg7 34. Rf5 Re7 35. Rxd5 Kf6 36. Kg2 Rc7 37. Rh5 Rd7 38. Nb3 1-0

[Event "SVK-chT3A2 1819"]
[Site "Slovakia"]
[Date "2018.10.07"]
[Round "1.1"]
[White "Kubis, Ivan"]
[Black "Tupy, Bystrik"]
[Result "0-1"]
[WhiteElo "1907"]
[BlackElo "1711"]
[PlyCount "68"]
[EventDate "2018.10.07"]
[EventType "team-tourn"]
[EventRounds "11"]
[EventCountry "SVK"]
[SourceTitle "EXT 2020"]
[Source "ChessBase"]
[SourceDate "2019.10.17"]
[SourceVersion "1"]
[SourceVersionDate "2019.10.17"]
[SourceQuality "1"]
[WhiteTeam "Gbely Nafta II"]
[BlackTeam "Hlohovec"]
[WhiteTeamCountry "SVK"]
[BlackTeamCountry "SVK"]

1. e4 e5 2. Nf3 Nc6 3. Bb5 Nf6 4. 0-0 Bc5 5. c3 d6 6. d3 a6 7. Ba4 b5 8. Bc2 h6 9. a4 Bg4 10. h3 Bh5 11. Re1 b4 12. a5 0-0 13. Nbd2 Nh7 14. g4 Bg6 15. Nf1 bxc3 16. bxc3 d5 17. Ne3 d4 18. Nc4 dxc3 19. Ncxe5 Nxe5 20. Nxe5 Qd4 21. Be3 Qxe5 22. d4 Bxd4 23. Bxd4 Qf4 24. Be3 Qf6 25. f4 Qh4 26. Qf3 f5 27. exf5 Bf7 28. Bd4 Rad8 29. Bf2 Qf6 30. Rad1 Rd2 31. Rxd2 cxd2 32. Rd1 Rd8 33. Qe2 Qc3 34. Be4 Bb3 0-1

[Event "SVK-chT4 A22 1718"]
[Site "Slovakia"]
[Date "2018.03.18"]
[Round "11.4"]
[White "Bertalan, Balint"]
[Black "Tupy, Bystrik"]
[Result "1-0"]
[WhiteElo "1863"]
[BlackElo "1702"]
[PlyCount "135"]
[EventDate "2017.10.01"]
[EventType "team-tourn"]
[EventRounds "11"]
[EventCountry "SVK"]
[SourceTitle "EXT 2020"]
[Source "ChessBase"]
[SourceDate "2019.10.17"]
[SourceVersion "1"]
[SourceVersionDate "2019.10.17"]
[SourceQuality "1"]

1. c4 e5 2. Nc3 Nf6 3. g3 Nc6 4. Bg2 Bb4 5. a3 Bxc3 6. bxc3 d6 7. d3 h6 8. Rb1 0-0 9. Qa4 d5 10. cxd5 Nxd5 11. Qb3 Nde7 12. Nf3 Qd5 13. c4 Qd6 14. Bb2 Ng6 15. 0-0 Rb8 16. h4 f6 17. h5 Nge7 18. Nh4 b6 19. c5+ Qe6 20. Qxe6+ Bxe6 21. cxb6 cxb6 22. Rfc1 Rbc8 23. Ng6 Nxg6 24. Rxc6 Rxc6 25. Bxc6 Ne7 26. Bf3 Rc8 27. Rc1 Rxc1+ 28. Bxc1 Kf7 29. g4 Bd5 30. e4 Bb3 31. Kf1 Nc6 32. Bb2 Ke6 33. Ke2 b5 34. Ke3 a5 35. d4 exd4+ 36. Bxd4 b4 37. Bc5 bxa3 38. Bxa3 Ne5 39. Be2 Bc4 40. Bd1 Bf1 41. Kd4 Bh3 42. f3 Bg2 43. f4 Nc6+ 44. Ke3 Bf1 45. Bb3+ Kd7 46. Bf8 Bh3 47. Bd1 a4 48. Bxg7 Ke7 49. Bxa4 Nd8 50. Kf3 Bf1 51. Bxh6 Nf7 52. Bg7 Bc4 53. h6 Nxh6 54. Bxh6 Kf7 55. Bc6 Kg6 56. g5 Bb3 57. Be8+ Kh7 58. gxf6 Kxh6 59. f7 Kg7 60. e5 Bd5+ 61. Kg4 Be6+ 62. f5 Bb3 63. Kg5 Kf8 64. e6 Bc4 65. Kf4 Bb3 66. Ke5 Bc4 67. Kd6 Bb3 68. e7+ 1-0

[Event "SVK-chT3A2 1718"]
[Site "Slovakia"]
[Date "2018.01.07"]
[Round "7.5"]
[White "Tupy, Bystrik"]
[Black "Kubis, Ivan"]
[Result "0-1"]
[WhiteElo "1730"]
[BlackElo "1897"]
[PlyCount "78"]
[EventDate "2017.10.08"]
[EventType "team-tourn"]
[EventRounds "11"]
[EventCountry "SVK"]
[SourceTitle "EXT 2020"]
[Source "ChessBase"]
[SourceDate "2019.10.17"]
[SourceVersion "1"]
[SourceVersionDate "2019.10.17"]
[SourceQuality "1"]
[WhiteTeam "Hlohovec"]
[BlackTeam "Gbely Nafta II"]
[WhiteTeamCountry "SVK"]
[BlackTeamCountry "SVK"]

1. e4 e5 2. Nf3 Nc6 3. Bb5 a6 4. Ba4 Nf6 5. Nc3 d6 6. d3 b5 7. Bb3 Na5 8. Bg5 Be7 9. 0-0 0-0 10. Qd2 Nxb3 11. axb3 Bb7 12. Ne2 Re8 13. Ng3 g6 14. h4 h5 15. Rad1 c5 16. Nh2 d5 17. Qe3 Qc7 18. c3 Rad8 19. Kh1 d4 20. Qc1 Rc8 21. f4 c4 22. fxe5 Qxe5 23. Bf4 Qe6 24. cxd4 cxd3 25. Qe3 Qxb3 26. Be5 Nd7 27. Rxd3 Qe6 28. Nf3 f6 29. Qh6 Qf7 30. Bf4 Bf8 31. Ng5 Bxh6 32. Nxf7 Bxf4 33. Rxf4 Kxf7 34. Kh2 Rc2 35. b3 Rec8 36. e5 Rxg2+ 37. Kh3 Rcc2 38. Nf1 Nxe5 39. dxe5 Bc8+ 0-1

[Event "SVK-chT3A2 1718"]
[Site "Slovakia"]
[Date "2017.10.08"]
[Round "1.5"]
[White "Zlamal, Marek"]
[Black "Tupy, Bystrik"]
[Result "1-0"]
[WhiteElo "1816"]
[BlackElo "1730"]
[PlyCount "69"]
[EventDate "2017.10.08"]
[EventType "team-tourn"]
[EventRounds "11"]
[EventCountry "SVK"]
[SourceTitle "EXT 2020"]
[Source "ChessBase"]
[SourceDate "2019.10.17"]
[SourceVersion "1"]
[SourceVersionDate "2019.10.17"]
[SourceQuality "1"]
[WhiteTeam "Holic"]
[BlackTeam "Hlohovec"]
[WhiteTeamCountry "SVK"]
[BlackTeamCountry "SVK"]

1. d4 d5 2. c4 c6 3. e3 Nf6 4. Nc3 Bf5 5. Nf3 e6 6. cxd5 exd5 7. Bd3 Bg6 8. Ne5 Bd6 9. Nxg6 hxg6 10. h3 Nbd7 11. Bd2 Nb6 12. Qb3 Bc7 13. 0-0-0 Qd6 14. Rhe1 0-0-0 15. Kb1 Kb8 16. Rc1 Rhe8 17. a4 Ne4 18. Nxe4 dxe4 19. Be2 Qd5 20. Qc2 Rd7 21. a5 Nc8 22. a6 Bb6 23. Qa4 Nd6 24. axb7 Kxb7 25. Ba6+ Kc7 26. Rxc6+ Kd8 27. Bb4 Re6 28. Rec1 Rc7 29. Rxc7 Bxc7 30. Rc5 Qa8 31. Ba5 Bxa5 32. Qxa5+ Ke7 33. d5 Rf6 34. Rc7+ Kf8 35. Rc8+ 1-0

[Event "SVK-chT4 A22 1718"]
[Site "Slovakia"]
[Date "2017.10.01"]
[Round "1.3"]
[White "Klanica, Anton"]
[Black "Tupy, Bystrik"]
[Result "1-0"]
[WhiteElo "1726"]
[BlackElo "1726"]
[PlyCount "139"]
[EventDate "2017.10.01"]
[EventType "team-tourn"]
[EventRounds "11"]
[EventCountry "SVK"]
[SourceTitle "EXT 2020"]
[Source "ChessBase"]
[SourceDate "2019.10.17"]
[SourceVersion "1"]
[SourceVersionDate "2019.10.17"]
[SourceQuality "1"]

1. e4 e5 2. Nf3 Nc6 3. Bc4 Bc5 4. d3 h6 5. 0-0 d6 6. h3 Nf6 7. Nc3 0-0 8. Na4 Bb6 9. Nxb6 axb6 10. a3 Be6 11. Ba2 Qd7 12. Nh2 Rad8 13. c4 Nd4 14. Be3 c5 15. Bxd4 exd4 16. f4 Qe8 17. Re1 Qc6 18. a4 Nh7 19. f5 Bd7 20. Bb3 Be8 21. Qd2 Qc7 22. Rf1 Qe7 23. Qf2 Nf6 24. g4 Nh7 25. Rae1 Ng5 26. Kg2 Bc6 27. Bc2 Qf6 28. h4 Nh7 29. Nf3 g6 30. Rh1 Kg7 31. Qd2 Bd7 32. Qf4 g5 33. hxg5 Nxg5 34. Rh5 Nxf3 35. Kxf3 Rh8 36. Rg1 Qe5 37. Qd2 f6 38. Rgh1 Rdg8 39. Rxh6 Qe8 40. Qh2 Rxh6 41. Qxh6+ Kf7 42. Qh5+ Kg7 43. Qxe8 Rxe8 44. Kf4 Ra8 45. b3 Rh8 46. Rxh8 Kxh8 47. g5 Kg7 48. Bd1 Be8 49. Bf3 Bd7 50. Kg4 Bc6 51. Bd1 Be8 52. g6 Bc6 53. Kf3 Bd7 54. Ke2 Bc6 55. Kd2 Bd7 56. Kc2 Bc6 57. Kb2 Bd7 58. Ka3 Bc6 59. b4 Bd7 60. a5 b5 61. Bb3 Bc6 62. cxb5 Bxb5 63. Bc4 Bc6 64. b5 Bd7 65. b6 Bc6 66. Kb3 Kf8 67. Bd5 Bb5 68. Kc2 Ba6 69. Kd2 Kg7 70. Bc4 1-0

[Event "SVK-chT4 A22 1617"]
[Site "Slovakia"]
[Date "2016.10.23"]
[Round "2.2"]
[White "Sido, Daniel"]
[Black "Tupy, Bystrik"]
[Result "1/2-1/2"]
[WhiteElo "1638"]
[BlackElo "1702"]
[PlyCount "85"]
[EventDate "2016.10.09"]
[EventType "team-tourn"]
[EventRounds "11"]
[EventCountry "SVK"]
[SourceTitle "EXT 2020"]
[Source "ChessBase"]
[SourceDate "2019.10.17"]
[SourceVersion "1"]
[SourceVersionDate "2019.10.17"]
[SourceQuality "1"]

1. e4 e5 2. Bc4 Nc6 3. a3 Nf6 4. d3 Bc5 5. h3 d6 6. Nc3 Be6 7. Bxe6 fxe6 8. Na4 Bb6 9. Nxb6 axb6 10. Nf3 0-0 11. 0-0 Qe8 12. c3 Rd8 13. b4 Ne7 14. c4 Ng6 15. Bb2 Nf4 16. Nh2 Qg6 17. Qf3 c6 18. Rfd1 Nd7 19. Qg4 Rf6 20. Qxg6 Rxg6 21. Ng4 h5 22. Ne3 Nxh3+ 23. Kf1 Ng5 24. Rd2 Nf6 25. Ke2 Rf8 26. Rf1 Nf7 27. f3 d5 28. Kd1 d4 29. Nc2 c5 30. b5 Nd7 31. Rh1 Rh6 32. Rf2 g6 33. Bc1 Rh7 34. Ne1 g5 35. Ra2 g4 36. a4 Ra8 37. Bd2 Kg7 38. Rh4 Nf6 39. a5 bxa5 40. Rxa5 Rxa5 41. Bxa5 gxf3 42. gxf3 Nd7 43. Ng2 1/2-1/2

[Event "SVK-chT4 A22 1617"]
[Site "Slovakia"]
[Date "2016.10.09"]
[Round "1.5"]
[White "Tupy, Bystrik"]
[Black "Petras, Stefan"]
[Result "1/2-1/2"]
[WhiteElo "1702"]
[BlackElo "1735"]
[PlyCount "79"]
[EventDate "2016.10.09"]
[EventType "team-tourn"]
[EventRounds "11"]
[EventCountry "SVK"]
[SourceTitle "EXT 2020"]
[Source "ChessBase"]
[SourceDate "2019.10.17"]
[SourceVersion "1"]
[SourceVersionDate "2019.10.17"]
[SourceQuality "1"]

1. e4 c5 2. Nf3 Nc6 3. Bb5 Qc7 4. Bxc6 Qxc6 5. Nc3 d6 6. 0-0 g6 7. d3 Bg7 8. Re1 Nf6 9. Bg5 0-0 10. Qd2 e5 11. Bxf6 Bxf6 12. Nd5 Kg7 13. Nxf6 Kxf6 14. Qg5+ Kg7 15. h4 f6 16. Qd2 Bg4 17. Nh2 Be6 18. g4 Qd7 19. f3 d5 20. Qe3 b6 21. g5 d4 22. gxf6+ Rxf6 23. Qg5 Qd6 24. Rf1 Raf8 25. Rf2 Bh3 26. Ng4 Bxg4 27. Qxg4 Rf4 28. Qg3 Qe7 29. h5 Qh4 30. Qxh4 Rxh4 31. hxg6 hxg6 32. Kg2 Rfh8 33. Rg1 Rh2+ 34. Kf1 Rxf2+ 35. Kxf2 Rh2+ 36. Rg2 Rxg2+ 37. Kxg2 g5 38. b3 Kg6 39. Kg3 Kh5 40. Kh3 1/2-1/2

[Event "SVK-chT3A2 1516"]
[Site "Slovakia"]
[Date "2016.02.21"]
[Round "8.1"]
[White "Gajarsky, Julius"]
[Black "Tupy, Bystrik"]
[Result "1-0"]
[WhiteElo "1808"]
[BlackElo "1767"]
[PlyCount "67"]
[EventDate "2015.10.11"]
[EventType "team-tourn"]
[EventRounds "11"]
[EventCountry "SVK"]
[SourceTitle "EXT 2020"]
[Source "ChessBase"]
[SourceDate "2019.10.17"]
[SourceVersion "1"]
[SourceVersionDate "2019.10.17"]
[SourceQuality "1"]
[WhiteTeam "Modranka Komplet"]
[BlackTeam "Hlohovec"]
[WhiteTeamCountry "SVK"]
[BlackTeamCountry "SVK"]

1. Nf3 Nc6 2. d4 d5 3. c4 Bg4 4. cxd5 Qxd5 5. Nc3 Qd7 6. e3 e6 7. Be2 Nf6 8. h3 Bxf3 9. Bxf3 Bb4 10. 0-0 0-0 11. Qb3 Rab8 12. Rd1 Ba5 13. Bd2 Bb6 14. Rac1 Ne7 15. Na4 Nfd5 16. e4 Nf6 17. Nxb6 cxb6 18. Bf4 Rbc8 19. Rc3 Rxc3 20. bxc3 Rc8 21. Bg5 Ne8 22. Qa3 Nc6 23. Bf4 Na5 24. d5 Nf6 25. dxe6 Qxe6 26. e5 Qf5 27. Bg3 Ne8 28. Bg4 Qc2 29. Qe7 Nc6 30. Qxb7 Rd8 31. Rxd8 Nxd8 32. Qe7 Qa4 33. Qxd8 g6 34. Bd7 1-0

[Event "SVK-chT4 A22 1516"]
[Site "Slovakia"]
[Date "2016.02.07"]
[Round "8.4"]
[White "Tupy, Bystrik"]
[Black "Pinter, Marek"]
[Result "1-0"]
[WhiteElo "1765"]
[BlackElo "1490"]
[PlyCount "105"]
[EventDate "2015.10.04"]
[EventType "team-tourn"]
[EventRounds "11"]
[EventCountry "SVK"]
[SourceTitle "EXT 2020"]
[Source "ChessBase"]
[SourceDate "2019.10.17"]
[SourceVersion "1"]
[SourceVersionDate "2019.10.17"]
[SourceQuality "1"]

1. e4 c5 2. Nf3 Nc6 3. d4 cxd4 4. Nxd4 Nf6 5. Nc3 a6 6. Nxc6 bxc6 7. Bc4 e6 8. Bg5 Be7 9. 0-0 d6 10. Qd2 h6 11. Bxf6 Bxf6 12. Rad1 d5 13. exd5 cxd5 14. Bb3 0-0 15. Rb1 Qc7 16. Ne2 Be5 17. Ng3 Bd7 18. c3 Bb5 19. Rfe1 Rfc8 20. Qe3 Bxg3 21. hxg3 Qc5 22. Qe5 Qc7 23. Qh5 Bd3 24. Rbd1 Bg6 25. Qh4 Qc5 26. Rd4 Be4 27. Kh2 Qc7 28. f3 Bg6 29. c4 dxc4 30. Rxc4 Qb7 31. Rec1 Bd3 32. R4c3 Rxc3 33. Rxc3 Bb5 34. Bc2 Rc8 35. Be4 Qb8 36. Rb3 Qd6 37. Qf4 Qxf4 38. gxf4 Bc4 39. Rc3 f5 40. Bd3 Bxd3 41. Rxc8+ Kf7 42. Rc7+ Kf6 43. Kg3 g5 44. b4 Bb5 45. Ra7 gxf4+ 46. Kxf4 e5+ 47. Ke3 e4 48. fxe4 fxe4 49. g3 Bd3 50. Rd7 Kf5 51. a4 Kg4 52. Rxd3 exd3 53. b5 1-0

[Event "SVK-chT3A2 1516"]
[Site "Slovakia"]
[Date "2015.12.20"]
[Round "5.1"]
[White "Curidlo, Jan1111"]
[Black "Tupy, Bystrik"]
[Result "0-1"]
[WhiteElo "1879"]
[BlackElo "1767"]
[PlyCount "58"]
[EventDate "2015.10.11"]
[EventType "team-tourn"]
[EventRounds "11"]
[EventCountry "SVK"]
[SourceTitle "EXT 2020"]
[Source "ChessBase"]
[SourceDate "2019.10.17"]
[SourceVersion "1"]
[SourceVersionDate "2019.10.17"]
[SourceQuality "1"]
[WhiteTeam "Piestany Kupele"]
[BlackTeam "Hlohovec"]
[WhiteTeamCountry "SVK"]
[BlackTeamCountry "SVK"]

1. e4 e5 2. Nf3 Nc6 3. Bb5 a6 4. Ba4 b5 5. Bb3 Nf6 6. d3 d5 7. exd5 Nxd5 8. h3 Bc5 9. c3 0-0 10. 0-0 Kh8 11. a4 Bb7 12. Re1 f6 13. Na3 b4 14. Nb1 a5 15. d4 exd4 16. cxd4 Bb6 17. Qd3 Nde7 18. Bc2 g6 19. Bh6 Re8 20. Be3 Nf5 21. d5 Ne5 22. Nxe5 Rxe5 23. g4 Nxe3 24. fxe3 Rxd5 25. Qc4 Qd6 26. Be4 Qg3+ 27. Kf1 Ba6 28. Qxa6 Rxa6 29. Bxd5 Bxe3 0-1

[Event "SVK-chT4 A22 1516"]
[Site "Slovakia"]
[Date "2015.12.13"]
[Round "5.2"]
[White "Kosar, Mikulas1111"]
[Black "Tupy, Bystrik"]
[Result "0-1"]
[WhiteElo "1662"]
[BlackElo "1751"]
[PlyCount "66"]
[EventDate "2015.10.04"]
[EventType "team-tourn"]
[EventRounds "11"]
[EventCountry "SVK"]
[SourceTitle "EXT 2020"]
[Source "ChessBase"]
[SourceDate "2019.10.17"]
[SourceVersion "1"]
[SourceVersionDate "2019.10.17"]
[SourceQuality "1"]

1. e4 e5 2. Nf3 Nc6 3. Bc4 Bc5 4. d3 h6 5. a3 d6 6. h3 Nf6 7. Nc3 Be6 8. Bxe6 fxe6 9. Na4 Bb6 10. Nxb6 axb6 11. 0-0 Nd4 12. Nd2 0-0 13. c3 Nc6 14. Nf3 Qe8 15. b4 Qg6 16. Nh4 Qf7 17. Nf3 Ne7 18. Bb2 Ng6 19. c4 Nf4 20. Kh2 c6 21. Bc1 Rad8 22. g3 Ng6 23. Be3 Rc8 24. a4 c5 25. b5 Nxe4 26. Nxe5 Nxe5 27. dxe4 Nxc4 28. Bc1 Qf3 29. Qe1 Ne5 30. Ra3 Qxa3 31. Bxa3 Nf3+ 32. Kg2 Nxe1+ 33. Rxe1 Ra8 0-1

[Event "SVK-chT4 A22 1516"]
[Site "Slovakia"]
[Date "2015.10.18"]
[Round "2.6"]
[White "Magyarics, Tamas"]
[Black "Tupy, Bystrik"]
[Result "0-1"]
[WhiteElo "1413"]
[BlackElo "1767"]
[PlyCount "94"]
[EventDate "2015.10.04"]
[EventType "team-tourn"]
[EventRounds "11"]
[EventCountry "SVK"]
[SourceTitle "EXT 2020"]
[Source "ChessBase"]
[SourceDate "2019.10.17"]
[SourceVersion "1"]
[SourceVersionDate "2019.10.17"]
[SourceQuality "1"]

1. e4 e5 2. Nf3 Nc6 3. Bc4 Bc5 4. d3 Nf6 5. Nc3 h6 6. Bd2 0-0 7. 0-0 d6 8. a3 Bg4 9. h3 Be6 10. Be3 Nd4 11. Bxd4 Bxd4 12. Nxd4 exd4 13. Bxe6 fxe6 14. Ne2 e5 15. Ng3 Qe8 16. c3 dxc3 17. bxc3 Qg6 18. Qb3+ Kh7 19. Qxb7 Qf7 20. Qb2 Rab8 21. Qe2 Rb3 22. c4 Rfb8 23. Ra2 Nd7 24. Rd1 Nc5 25. Qc2 Na4 26. Ne2 Rb2 27. Rxb2 Rxb2 28. Qxa4 Rxe2 29. Rf1 c5 30. Qa6 Qc7 31. Rd1 Rb2 32. Qa4 Qb7 33. h4 Qb3 34. Qxb3 Rxb3 35. Kf1 Rxa3 36. Ke2 a5 37. Rd2 a4 38. Rb2 Kg6 39. g3 Kf6 40. Ke3 Ra1 41. Rb6 Ke6 42. Ra6 a3 43. Ke2 a2 44. Kf3 Kf7 45. Kg4 g6 46. h5 gxh5+ 47. Kxh5 Rh1+ 0-1

[Event "SVK-chT3A2 1516"]
[Site "Slovakia"]
[Date "2015.10.11"]
[Round "1.1"]
[White "Tupy, Bystrik"]
[Black "Markuliak, Mario"]
[Result "0-1"]
[WhiteElo "1767"]
[BlackElo "1833"]
[PlyCount "100"]
[EventDate "2015.10.11"]
[EventType "team-tourn"]
[EventRounds "11"]
[EventCountry "SVK"]
[SourceTitle "EXT 2020"]
[Source "ChessBase"]
[SourceDate "2019.10.17"]
[SourceVersion "1"]
[SourceVersionDate "2019.10.17"]
[SourceQuality "1"]
[WhiteTeam "Hlohovec"]
[BlackTeam "Cifer"]
[WhiteTeamCountry "SVK"]
[BlackTeamCountry "SVK"]

1. e4 d6 2. d4 Nd7 3. Nf3 e5 4. dxe5 Nxe5 5. Nxe5 dxe5 6. Qxd8+ Kxd8 7. Bc4 Be6 8. Bxe6 fxe6 9. Nc3 Bd6 10. Bg5+ Nf6 11. 0-0-0 Ke7 12. Nb5 h6 13. Bxf6+ gxf6 14. Rd3 a6 15. Nxd6 cxd6 16. Rhd1 Rad8 17. b3 Rd7 18. Kb2 Rhd8 19. Rh3 Rh8 20. Rhd3 Rg8 21. g3 Rgd8 22. f3 d5 23. exd5 Rxd5 24. a3 h5 25. R1d2 f5 26. Kc3 Rc8+ 27. Kb2 Rcd8 28. Kc3 a5 29. Kb2 b5 30. Kc3 Kf6 31. Rg2 Rc5+ 32. Kb2 Rd4 33. Rdd2 b4 34. a4 Rc3 35. Rdf2 Rd1 36. f4 e4 37. Rd2 Rxd2 38. Rxd2 e3 39. Re2 e5 40. fxe5+ Kxe5 41. Kc1 Ke4 42. Kd1 h4 43. Re1 Rc6 44. Kc1 hxg3 45. hxg3 Rg6 46. Rg1 f4 47. Rh1 fxg3 48. Rg1 Kf3 49. Kd1 Kf2 50. Re1 Rd6+ 0-1

[Event "SVK-chT3A2 1415"]
[Site "Slovakia"]
[Date "2015.03.22"]
[Round "11.4"]
[White "Curidlo, Jan1111"]
[Black "Tupy, Bystrik"]
[Result "1/2-1/2"]
[WhiteElo "1889"]
[BlackElo "1782"]
[PlyCount "108"]
[EventDate "2014.10.19"]
[EventType "team-tourn"]
[EventRounds "11"]
[EventCountry "SVK"]
[SourceTitle "EXT 2019"]
[Source "ChessBase"]
[SourceDate "2018.10.10"]
[SourceVersion "1"]
[SourceVersionDate "2018.10.10"]
[SourceQuality "1"]

1. e4 e5 2. Nf3 Nc6 3. Bb5 a6 4. Ba4 b5 5. Bb3 Nf6 6. d3 Bc5 7. c3 d6 8. h3 Be6 9. 0-0 0-0 10. Bc2 Ne7 11. Re1 Ng6 12. d4 exd4 13. cxd4 Bb6 14. Nc3 Qc8 15. Kh2 Nh5 16. Ne2 Nf6 17. Ng3 Ne8 18. Be3 d5 19. Ng5 c6 20. Rc1 Nd6 21. exd5 Bxd5 22. Qh5 h6 23. Bxg6 fxg6 24. Qxg6 hxg5 25. Qxd6 Qd8 26. Qg6 Qf6 27. Qxf6 gxf6 28. b3 Bc7 29. Kg1 Bxg3 30. fxg3 Kg7 31. g4 Rh8 32. Rf1 a5 33. a3 Rae8 34. Bd2 Re2 35. Rf2 Rhe8 36. Bxa5 R2e3 37. Rc3 Re1+ 38. Kh2 Rb1 39. b4 Ra1 40. Bb6 Rae1 41. Bc7 R1e4 42. Bb6 Rh8 43. Bc5 Rxg4 44. Be7 Kf7 45. Bxf6 Rxg2+ 46. Rxg2 Kxf6 47. Rf2+ Kg6 48. Re3 Rh4 49. Rd2 Rf4 50. Kg3 Rf1 51. Re5 Rf3+ 52. Kh2 Rxa3 53. Ree2 Rb3 54. Rb2 Rd3 1/2-1/2